Statistics for All Descendants characters

Click here to take the quiz!

General Stats

  • This quiz has been taken 132 times
  • The average score is 20 of 33

Answer Stats

Answer% Correct
Mal
100%
Carlos
96%
Ben
95%
Evie
95%
Jay
94%
Uma
87%
Audrey
86%
Jane
82%
Jafar
77%
Chad
75%
Belle
73%
Evil Queen
73%
Maleficent
73%
Beast
71%
Doug
70%
Fairy Godmother
70%
Gil
65%
Hades
65%
Lonnie
65%
Dizzy
64%
Harry Hook
62%
Cruella de Vil
59%
Celia
44%
Dude
38%
Squirmy
30%
Squeaky
28%
Snow White
26%
Dr. Facilier
25%
Lady Tremaine
18%
Queen Leah
15%
Lumiere
14%
Coach Jenkins
11%
Mr Deley
7%

Score Distribution

Percentile by Number Answered

Percent of People with Each Score

Your Score History

You have not taken this quiz